Szczegóły MARC21

Prawa człowieka i systemy ich ochrony : teksty źródłowe /

003 -Nazwa inst., której nr kontr. jest w polu 001 [,]
    • @
    • Nazwa instytucji, której n kontrolny jest w polu 001
    • NUKAT
005 -DATA I CZAS OSTATNIEJ MODYFIKACJI [,]
    • @
    • pole kontrolne
    • 20241231085952.0
020 -Międzynarod. znormalizowany nr książki - ISBN [ , ]
    • a
    • Numer ISBN
    • 8322922302 Find
040 -Instytucja sporządzająca opis [ , ]
    • a
    • Instytucja, która sporządziła opis (NP)
    • KR U/DC
    • c
    • Instytucja, która sporządziła rekord (NP)
    • KR U/DC
    • d
    • Instytucja, która zmodyfikowała rekord (P)
    • KR U/DC
    • d
    • Instytucja, która zmodyfikowała rekord (P)
    • GD U/ENs
    • d
    • Instytucja, która zmodyfikowała rekord (P)
    • KR 119/MD
    • d
    • Instytucja, która zmodyfikowała rekord (P)
    • WR O/dja
    • d
    • Instytucja, która zmodyfikowała rekord (P)
    • TOR U/KBu
942 -Rodzaj dokumentu [ , ]
    • c
    • Rodzaj dokumentu
    • Książka
245 -Strefa tytułu i oznaczenia odpowiedzialności [0,0]
    • a
    • Tytuł
    • Prawa człowieka i systemy ich ochrony : Find
    • b
    • Ciąg dalszy tytułu (NP)
    • teksty źródłowe / Find
    • c
    • Pozostałe elementy strefy tytułu i oznaczenia odpowiedzialności (NP)
    • pod red. Sylwii Jarosz-Żukowskiej ; wybór i oprac.: Sylwia Jarosz-Żukowska, Agnieszka Wojtatowicz, Łukasz Żukowski.
250 -Strefa wydania [ , ]
    • a
    • Oznaczenie wydania (NP)
    • Stan prawny na 1 kwietnia 2002 r.
260 -Strefa adresu wydawniczego [ , ]
    • a
    • Miejsce wydania (P)
    • Wrocław :
    • b
    • Nazwa wydawcy (P)
    • Wydaw. Uniwersytetu Wrocławskiego,
    • c
    • Data wydania (P)
    • 2002.
300 -Strefa opisu fizycznego [ , ]
    • a
    • Określenie formy książki i/lub objętość (NP)
    • 427 s. ;
    • c
    • Format (NP)
    • 24 cm.
336 -Typ zawartości [ , ]
    • a
    • Termin opisujący typ zawartości
    • Tekst
    • b
    • Kod określający zawartość
    • txt
    • 2
    • Źródło (terminu i kodu)
    • rdacontent
337 -Typ mediów [ , ]
    • a
    • Tryb odtwarzania
    • Bez urządzenia pośredniczącego
    • b
    • Kod typu mediów
    • n
    • 2
    • Źródło (terminu i kodu)
    • rdamedia
338 -Typ/rodzaj nośnika [ , ]
    • a
    • Hasło opisujące typ nośnika
    • Wolumin
    • b
    • Kod typu nośnika
    • nc
    • 2
    • Źródło (terminu i kodu)
    • rdacarrier
490 -Strefa serii i książki wielotomowej - forma nie do wyszukiwania [1, ]
    • a
    • Tytuł (P)
    • Acta Universitatis Wratislaviensis, Find
    • x
    • ISSN (NP)
    • 0239-6661 ;
    • v
    • Numeracja (P)
    • nr 2380
490 -Strefa serii i książki wielotomowej - forma nie do wyszukiwania [1, ]
    • a
    • Tytuł (P)
    • Podręczniki Wydziału Prawa, Administracji i Ekonomii Uniwersytetu Wrocławskiego Find
830 -Hasło dodatkowe serii i opisu książki wielotomowej - tytuł ujednolicony/tytuł [ ,0]
    • a
    • Tytuł ujednolicony/tytuł (NP)
    • Acta Universitatis Wratislaviensis
    • x
    • ISSN
    • 0239-6661
    • v
    • Oznaczenie tomu (NP)
    • nr 2380
    • 9
    • KHW
    • 49
830 -Hasło dodatkowe serii i opisu książki wielotomowej - tytuł ujednolicony/tytuł [ ,0]
    • a
    • Tytuł ujednolicony/tytuł (NP)
    • Podręczniki Wydziału Prawa, Administracji i Ekonomii Uniwersytetu Wrocławskiego
    • 9
    • KHW
    • 24149
504 -Uwaga dot. bibliogr. załącznikowej [ , ]
    • a
    • Uwaga dot. bibliografii załącznikowej
    • Bibliogr. s. [419]-424.
080 -Uniwersalna Klasyfikacja Dziesiętna [ , ]
    • 2
    • Identyfikator wydania tablic
    • UDC-P022
    • a
    • Symbol klasyfikacji
    • 341.231.14
    • b
    • Dopowiedzenie
    • Prawa człowieka (w aspekcie międzynarodowym).
    • x
    • Poddział wspólny
    • (094.4)
    • b
    • Dopowiedzenie
    • (Teksty prawne. Kodeksy. Zbiory ustaw).
650 -Hasło przedmiotowe [ ,7]
    • a
    • Hasło przedmiotowe
    • Prawa człowieka
    • x
    • Określnik rzeczowy
    • legislacja.
    • 2
    • Źródło terminu
    • kaba
    • 9
    • KHW
    • 420536
980 -Symbol UKD [ , ]
    • a
    • UKD
    • 341.231.14(094.4)
700 -Hasło dodatkowe - nazwa osobowa [1, ]
    • a
    • Nazwa osobowa (NP)
    • Jarosz-Żukowska, Sylwia Find
    • d
    • Daty biograficzne (NP)
    • (1974- ).
    • e
    • Określenie rodzaju współpracy
    • Red.
    • 9
    • KHW
    • 24147
700 -Hasło dodatkowe - nazwa osobowa [1, ]
    • a
    • Nazwa osobowa (NP)
    • Wojtatowicz-Lasek, Agnieszka Find
    • d
    • Daty biograficzne (NP)
    • (1976- ).
    • e
    • Określenie rodzaju współpracy
    • Oprac.
    • 9
    • KHW
    • 574321
700 -Hasło dodatkowe - nazwa osobowa [1, ]
    • a
    • Nazwa osobowa (NP)
    • Żukowski, Łukasz Find
    • d
    • Daty biograficzne (NP)
    • (1975- ).
    • e
    • Określenie rodzaju współpracy
    • Oprac.
    • 9
    • KHW
    • 574322
710 -Hasło dodatkowe - nazwa ciała zbiorowego [2, ]
    • a
    • Nazwa ciała zbiorowego lub nazwa geograficzna jako pierwszy element (NP)
    • Uniwersytet Wrocławski.
    • b
    • Nazwa jednostki podrzędnej (P)
    • Wydawnictwo.
    • 4
    • Kod relacji
    • pbl
    • 9
    • KHW
    • 54907
920 -ISBN [ , ]
    • a
    • ISBN
    • 83-229-2230-2 Find
Data inwentaryzacji Lokalizacja Uwagi nie widoczne w OPAC Status udost. Numer inwentarzowy Sygnatura
2006-02-02BSAprzepisany1SA.14040SA.14040
2007-01-08BSA -3SA.14696SA.14696
2005-11-09BSAprzepisany-3SA.11819SA.11819